[Event "DEM U12w 2023"]
[Site "Willingen GER"]
[Date "2023.05.28"]
[Round "2"]
[White "Margaryan, Mari"]
[Black "Rössling, Laura Marie"]
[Result "0-1"]
[Termination "normal"]
[Board "19"]
[WhiteElo "949"]
[BlackElo "1312"]
[WhiteClock "01:18:47"]
[BlackClock "01:08:18"]
[PlyCount "62"]
[WhiteFideId "16279700"]
[BlackFideId "16289471"]
[EventCountry "GER"]
[EventRounds "9"]
[EventType "swiss"]
[EventDate "2023.05.27"]

1. d4 {[%clk 01:30:56]} {[%emt 00:00:03]} d5 {[%clk 01:30:38]} {[%emt
00:00:22]} 2. c4 {[%clk 01:31:21]} {[%emt 00:00:05]} e6 {[%clk 01:30:43]}
{[%emt 00:00:25]} 3. Nc3 {[%clk 01:31:46]} {[%emt 00:00:04]} Nf6 {[%clk
01:30:34]} {[%emt 00:00:40]} 4. Bg5 {[%clk 01:32:00]} {[%emt 00:00:16]} Be7
{[%clk 01:30:39]} {[%emt 00:00:25]} 5. cxd5 {[%clk 01:32:16]} {[%emt 00:00:15]}
exd5 {[%clk 01:27:33]} {[%emt 00:03:36]} 6. Nf3 {[%clk 01:32:19]} {[%emt
00:00:27]} O-O {[%clk 01:27:23]} {[%emt 00:00:40]} 7. e3 {[%clk 01:32:20]}
{[%emt 00:00:29]} Bf5 {[%clk 01:25:43]} {[%emt 00:02:08]} 8. Ne5 {[%clk
01:29:17]} {[%emt 00:03:33]} Nbd7 {[%clk 01:22:05]} {[%emt 00:04:10]} 9. Qf3
{[%clk 01:26:27]} {[%emt 00:03:19]} Be6 {[%clk 01:14:29]} {[%emt 00:07:59]} 10.
Bd3 {[%clk 01:24:19]} {[%emt 00:02:45]} Nxe5 {[%clk 01:12:35]} {[%emt
00:02:24]} 11. dxe5 {[%clk 01:24:29]} {[%emt 00:00:20]} Nd7 {[%clk 01:08:59]}
{[%emt 00:04:06]} 12. Bxe7 {[%clk 01:23:15]} {[%emt 00:01:42]} Qxe7 {[%clk
01:09:17]} {[%emt 00:00:13]} 13. Nxd5 {[%clk 01:22:48]} {[%emt 00:00:57]} Bxd5
{[%clk 01:09:35]} {[%emt 00:00:11]} 14. Qxd5 {[%clk 01:22:50]} {[%emt
00:00:29]} Nxe5 {[%clk 01:09:40]} {[%emt 00:00:25]} 15. Bc2 {[%clk 01:22:03]}
{[%emt 00:01:17]} Qb4+ {[%clk 01:09:13]} {[%emt 00:00:56]} 16. Ke2 {[%clk
01:21:59]} {[%emt 00:00:35]} Qxb2 {[%clk 01:07:04]} {[%emt 00:02:39]} 17. Qe4
{[%clk 01:22:15]} {[%emt 00:00:12]} Ng6 {[%clk 01:06:18]} {[%emt 00:01:18]} 18.
h4 {[%clk 01:21:52]} {[%emt 00:00:54]} Rfe8 {[%clk 01:06:15]} {[%emt 00:00:33]}
19. Qf5 {[%clk 01:20:57]} {[%emt 00:01:20]} Re5 {[%clk 01:06:20]} {[%emt
00:00:30]} 20. Qd3 {[%clk 01:20:34]} {[%emt 00:00:51]} Nf4+ {[%clk 01:06:32]}
{[%emt 00:00:21]} 21. Kd2 {[%clk 01:19:38]} {[%emt 00:01:26]} Nxd3 {[%clk
01:06:39]} {[%emt 00:00:23]} 22. Kxd3 {[%clk 01:19:57]} {[%emt 00:00:11]} Rd8+
{[%clk 01:06:55]} {[%emt 00:00:13]} 23. Ke2 {[%clk 01:19:25]} {[%emt 00:01:02]}
Qxc2+ {[%clk 01:07:15]} {[%emt 00:00:11]} 24. Kf3 {[%clk 01:19:20]} {[%emt
00:00:36]} Rf5+ {[%clk 01:07:11]} {[%emt 00:00:34]} 25. Kg4 {[%clk 01:19:37]}
{[%emt 00:00:12]} Qxf2 {[%clk 01:07:09]} {[%emt 00:00:32]} 26. Raf1 {[%clk
01:19:11]} {[%emt 00:00:55]} h5+ {[%clk 01:07:14]} {[%emt 00:00:26]} 27. Kh3
{[%clk 01:19:10]} {[%emt 00:00:30]} Qxe3+ {[%clk 01:07:39]} {[%emt 00:00:05]}
28. Kh2 {[%clk 01:18:54]} {[%emt 00:00:46]} Rxf1 {[%clk 01:07:31]} {[%emt
00:00:39]} 29. Rxf1 {[%clk 01:19:18]} {[%emt 00:00:06]} Rd2 {[%clk 01:07:48]}
{[%emt 00:00:14]} 30. Rf3 {[%clk 01:18:31]} {[%emt 00:01:15]} Qxf3 {[%clk
01:07:53]} {[%emt 00:00:26]} 31. a4 {[%clk 01:18:47]} {[%emt 00:00:15]} Qxg2#
{[%clk 01:08:18]} {[%emt 00:00:04]} 0-1

[Event "DEM U12w 2023"]
[Site "Willingen GER"]
[Date "2023.05.28"]
[Round "2"]
[White "Neumann, Anna-Lena"]
[Black "Briese, Sophie"]
[Result "0-1"]
[Termination "normal"]
[Board "20"]
[WhiteElo "740"]
[BlackElo "1214"]
[WhiteClock "01:13:50"]
[BlackClock "01:15:17"]
[PlyCount "38"]
[WhiteFideId "34660321"]
[BlackFideId "34660305"]
[EventCountry "GER"]
[EventRounds "9"]
[EventType "swiss"]
[EventDate "2023.05.27"]

1. e4 {[%clk 01:30:57]} {[%emt 00:00:02]} c5 {[%clk 01:30:55]} {[%emt
00:00:05]} 2. Nf3 {[%clk 01:31:10]} {[%emt 00:00:17]} e6 {[%clk 01:31:20]}
{[%emt 00:00:05]} 3. Bb5 {[%clk 01:30:54]} {[%emt 00:00:46]} Qc7 {[%clk
01:30:18]} {[%emt 00:01:33]} 4. Nc3 {[%clk 01:30:27]} {[%emt 00:00:56]} a6
{[%clk 01:29:05]} {[%emt 00:01:43]} 5. Bc4 {[%clk 01:30:31]} {[%emt 00:00:27]}
Nc6 {[%clk 01:28:41]} {[%emt 00:00:54]} 6. d3 {[%clk 01:30:31]} {[%emt
00:00:29]} Nf6 {[%clk 01:26:46]} {[%emt 00:02:25]} 7. g3 {[%clk 01:29:18]}
{[%emt 00:01:43]} Be7 {[%clk 01:24:36]} {[%emt 00:02:40]} 8. Bf4 {[%clk
01:29:16]} {[%emt 00:00:32]} d6 {[%clk 01:23:24]} {[%emt 00:01:43]} 9. O-O
{[%clk 01:29:28]} {[%emt 00:00:19]} O-O {[%clk 01:23:18]} {[%emt 00:00:36]} 10.
Qd2 {[%clk 01:28:49]} {[%emt 00:01:07]} Qd7 {[%clk 01:19:05]} {[%emt 00:04:44]}
11. d4 {[%clk 01:26:23]} {[%emt 00:02:57]} d5 {[%clk 01:17:47]} {[%emt
00:01:48]} 12. Bd3 {[%clk 01:25:56]} {[%emt 00:00:57]} cxd4 {[%clk 01:17:09]}
{[%emt 00:01:07]} 13. Ne2 {[%clk 01:24:18]} {[%emt 00:02:08]} dxe4 {[%clk
01:17:02]} {[%emt 00:00:38]} 14. Bc4 {[%clk 01:23:25]} {[%emt 00:01:23]} exf3
{[%clk 01:16:38]} {[%emt 00:00:54]} 15. Nxd4 {[%clk 01:23:30]} {[%emt
00:00:24]} Nxd4 {[%clk 01:16:43]} {[%emt 00:00:25]} 16. Bd3 {[%clk 01:23:09]}
{[%emt 00:00:51]} e5 {[%clk 01:15:28]} {[%emt 00:01:46]} 17. Bh6 {[%clk
01:21:25]} {[%emt 00:02:12]} Qh3 {[%clk 01:15:22]} {[%emt 00:00:36]} 18. Bxh7+
{[%clk 01:18:03]} {[%emt 00:03:53]} Nxh7 {[%clk 01:15:17]} {[%emt 00:00:34]}
19. Qe2 {[%clk 01:13:50]} {[%emt 00:04:45]} Qg2# {[%emt 00:01:46]} 0-1

[Event "DEM U12w 2023"]
[Site "Willingen GER"]
[Date "2023.05.28"]
[Round "2"]
[White "Albrecht, Sidney Jenna"]
[Black "Baus, Louise Marie"]
[Result "1-0"]
[Termination "normal"]
[Board "21"]
[WhiteElo "1079"]
[BlackElo "759"]
[WhiteClock "00:54:11"]
[BlackClock "01:14:06"]
[PlyCount "83"]
[WhiteFideId "34660283"]
[BlackFideId "34660291"]
[EventCountry "GER"]
[EventRounds "9"]
[EventType "swiss"]
[EventDate "2023.05.27"]

1. e4 {[%clk 01:30:57]} {[%emt 00:00:03]} e5 {[%clk 01:30:54]} {[%emt
00:00:06]} 2. Nf3 {[%clk 01:31:18]} {[%emt 00:00:09]} Nc6 {[%clk 01:31:16]}
{[%emt 00:00:09]} 3. Bc4 {[%clk 01:31:38]} {[%emt 00:00:09]} Nf6 {[%clk
01:31:37]} {[%emt 00:00:09]} 4. d4 {[%clk 01:26:38]} {[%emt 00:05:30]} exd4
{[%clk 01:31:48]} {[%emt 00:00:19]} 5. e5 {[%clk 01:24:26]} {[%emt 00:02:43]}
Ne4 {[%clk 01:30:44]} {[%emt 00:01:34]} 6. O-O {[%clk 01:24:11]} {[%emt
00:00:45]} d6 {[%clk 01:30:15]} {[%emt 00:00:59]} 7. exd6 {[%clk 01:24:15]}
{[%emt 00:00:27]} Nxd6 {[%clk 01:30:13]} {[%emt 00:00:31]} 8. Bd5 {[%clk
01:21:28]} {[%emt 00:03:18]} Ne7 {[%clk 01:29:34]} {[%emt 00:01:08]} 9. Re1
{[%clk 01:21:24]} {[%emt 00:00:34]} Bg4 {[%clk 01:29:06]} {[%emt 00:00:57]} 10.
h3 {[%clk 01:20:01]} {[%emt 00:01:54]} Bh5 {[%clk 01:28:40]} {[%emt 00:00:56]}
11. Qxd4 {[%clk 01:19:42]} {[%emt 00:00:49]} Ndf5 {[%clk 01:27:39]} {[%emt
00:01:31]} 12. Qc4 {[%clk 01:17:18]} {[%emt 00:02:54]} Nd6 {[%clk 01:26:43]}
{[%emt 00:01:27]} 13. Qb3 {[%clk 01:16:08]} {[%emt 00:01:41]} g6 {[%clk
01:25:38]} {[%emt 00:01:34]} 14. g4 {[%clk 01:14:49]} {[%emt 00:01:50]} c6
{[%clk 01:25:28]} {[%emt 00:00:38]} 15. Bc4 {[%clk 01:12:20]} {[%emt 00:03:00]}
b5 {[%clk 01:25:15]} {[%emt 00:00:43]} 16. Bd3 {[%clk 01:12:12]} {[%emt
00:00:38]} c5 {[%clk 01:24:03]} {[%emt 00:01:42]} 17. c4 {[%clk 01:10:55]}
{[%emt 00:01:47]} Qa5 {[%clk 01:23:41]} {[%emt 00:00:51]} 18. cxb5 {[%clk
01:09:11]} {[%emt 00:02:15]} Ndc8 {[%clk 01:20:44]} {[%emt 00:03:26]} 19. gxh5
{[%clk 01:08:29]} {[%emt 00:01:13]} Rb8 {[%clk 01:18:09]} {[%emt 00:03:05]} 20.
h6 {[%clk 01:06:51]} {[%emt 00:02:08]} Nd6 {[%clk 01:17:55]} {[%emt 00:00:42]}
21. Bf4 {[%clk 01:06:31]} {[%emt 00:00:52]} Rb6 {[%clk 01:17:23]} {[%emt
00:01:02]} 22. Nbd2 {[%clk 01:05:57]} {[%emt 00:01:04]} Rxb5 {[%clk 01:15:51]}
{[%emt 00:02:02]} 23. Bxb5+ {[%clk 01:06:04]} {[%emt 00:00:23]} Qxb5 {[%clk
01:15:19]} {[%emt 00:01:02]} 24. Qxb5+ {[%clk 01:05:24]} {[%emt 00:01:10]} Nxb5
{[%clk 01:15:35]} {[%emt 00:00:15]} 25. Rac1 {[%clk 01:04:43]} {[%emt
00:01:10]} Nd4 {[%clk 01:14:16]} {[%emt 00:01:49]} 26. Nxd4 {[%clk 01:04:11]}
{[%emt 00:01:03]} cxd4 {[%clk 01:14:33]} {[%emt 00:00:12]} 27. Rc4 {[%clk
01:02:13]} {[%emt 00:02:28]} g5 {[%clk 01:13:40]} {[%emt 00:01:24]} 28. Bg3
{[%clk 01:01:50]} {[%emt 00:00:53]} Bxh6 {[%clk 01:13:49]} {[%emt 00:00:21]}
29. Rxd4 {[%clk 01:01:53]} {[%emt 00:00:27]} Bg7 {[%clk 01:13:40]} {[%emt
00:00:39]} 30. Rd3 {[%clk 01:01:50]} {[%emt 00:00:33]} Bxb2 {[%clk 01:13:01]}
{[%emt 00:01:09]} 31. Rb1 {[%clk 01:00:23]} {[%emt 00:01:57]} Bf6 {[%clk
01:12:40]} {[%emt 00:00:51]} 32. Rb8+ {[%clk 00:59:14]} {[%emt 00:01:40]} Nc8
{[%clk 01:12:53]} {[%emt 00:00:16]} 33. Rxc8+ {[%clk 00:59:14]} {[%emt
00:00:30]} Bd8 {[%clk 01:13:03]} {[%emt 00:00:20]} 34. Rcxd8+ {[%clk 00:58:54]}
{[%emt 00:00:50]} Ke7 {[%clk 01:13:11]} {[%emt 00:00:23]} 35. Rxh8 {[%clk
00:58:46]} {[%emt 00:00:37]} Ke6 {[%clk 01:13:22]} {[%emt 00:00:20]} 36. Re8+
{[%clk 00:58:25]} {[%emt 00:00:51]} Kf6 {[%clk 01:13:33]} {[%emt 00:00:18]} 37.
Rf3+ {[%clk 00:57:30]} {[%emt 00:01:25]} Kg7 {[%clk 01:13:41]} {[%emt
00:00:23]} 38. Be5+ {[%clk 00:57:01]} {[%emt 00:00:59]} Kg6 {[%clk 01:13:53]}
{[%emt 00:00:18]} 39. Rg8+ {[%clk 00:56:21]} {[%emt 00:01:09]} Kh5 {[%clk
01:14:01]} {[%emt 00:00:21]} 40. Ne4 {[%clk 00:55:25]} {[%emt 00:01:27]} h6
{[%clk 01:14:01]} {[%emt 00:00:30]} 41. Bg3 {[%clk 00:54:42]} {[%emt 00:01:13]}
f5 {[%clk 01:14:06]} {[%emt 00:00:26]} 42. Nf6# {[%clk 00:54:11]} {[%emt
00:00:16]} 1-0

[Event "DEM U12w 2023"]
[Site "Willingen GER"]
[Date "2023.05.30"]
[Round "4"]
[White "Bakó, Isabella"]
[Black "Wagner, Cosima Thien-An"]
[Result "0-1"]
[Termination "normal"]
[Board "1"]
[WhiteElo "1214"]
[BlackElo "1565"]
[WhiteClock "00:13:10"]
[BlackClock "00:19:53"]
[PlyCount "68"]
[WhiteFideId "16287266"]
[BlackFideId "34603484"]
[EventCountry "GER"]
[EventRounds "9"]
[EventType "swiss"]
[EventDate "2023.05.27"]

1. d4 {[%clk 01:30:52]} {[%emt 00:00:06]} d5 {[%clk 01:30:57]} {[%emt
00:00:04]} 2. Nf3 {[%clk 01:31:05]} {[%emt 00:00:17]} Nf6 {[%clk 01:31:00]}
{[%emt 00:00:27]} 3. e3 {[%clk 01:30:43]} {[%emt 00:00:51]} e6 {[%clk
01:31:21]} {[%emt 00:00:10]} 4. Bd3 {[%clk 01:30:26]} {[%emt 00:00:47]} c5
{[%clk 01:31:35]} {[%emt 00:00:17]} 5. b3 {[%clk 01:30:20]} {[%emt 00:00:35]}
Bd6 {[%clk 01:31:42]} {[%emt 00:00:23]} 6. Bb2 {[%clk 01:29:22]} {[%emt
00:01:28]} Nc6 {[%clk 01:31:33]} {[%emt 00:00:39]} 7. a3 {[%clk 01:28:35]}
{[%emt 00:01:18]} O-O {[%clk 01:31:39]} {[%emt 00:00:24]} 8. Nbd2 {[%clk
01:28:03]} {[%emt 00:01:01]} b6 {[%clk 01:31:23]} {[%emt 00:00:47]} 9. Ne5
{[%clk 01:26:33]} {[%emt 00:01:59]} Bb7 {[%clk 01:30:11]} {[%emt 00:01:42]} 10.
f4 {[%clk 01:24:02]} {[%emt 00:03:01]} cxd4 {[%clk 01:29:08]} {[%emt 00:01:35]}
11. exd4 {[%clk 01:23:32]} {[%emt 00:00:58]} Rc8 {[%clk 01:28:55]} {[%emt
00:00:43]} 12. O-O {[%clk 01:21:25]} {[%emt 00:02:36]} Ne7 {[%clk 01:28:04]}
{[%emt 00:01:23]} 13. Rf3 {[%clk 01:18:04]} {[%emt 00:03:50]} Ne4 {[%clk
01:26:14]} {[%emt 00:02:20]} 14. Rh3 {[%clk 00:59:55]} {[%emt 00:18:38]} f6
{[%clk 01:10:03]} {[%emt 00:16:42]} 15. Nef3 {[%clk 00:54:43]} {[%emt
00:05:41]} Bxf4 {[%clk 01:05:36]} {[%emt 00:04:58]} 16. Qe1 {[%clk 00:50:21]}
{[%emt 00:04:51]} Nf5 {[%clk 00:52:04]} {[%emt 00:14:03]} 17. Nxe4 {[%clk
00:47:56]} {[%emt 00:02:54]} dxe4 {[%clk 00:48:26]} {[%emt 00:04:09]} 18. Bxe4
{[%clk 00:47:39]} {[%emt 00:00:47]} Be3+ {[%clk 00:46:28]} {[%emt 00:02:28]}
19. Kh1 {[%clk 00:43:58]} {[%emt 00:04:10]} Bxe4 {[%clk 00:45:52]} {[%emt
00:01:06]} 20. g4 {[%clk 00:42:57]} {[%emt 00:01:31]} Rxc2 {[%clk 00:35:31]}
{[%emt 00:10:52]} 21. gxf5 {[%clk 00:31:32]} {[%emt 00:11:55]} Bxf5 {[%clk
00:30:40]} {[%emt 00:05:21]} 22. Qxe3 {[%clk 00:22:22]} {[%emt 00:09:40]} Bxh3
{[%clk 00:27:42]} {[%emt 00:03:28]} 23. Bc3 {[%clk 00:20:14]} {[%emt 00:02:38]}
Qd5 {[%clk 00:26:55]} {[%emt 00:01:18]} 24. Qd3 {[%clk 00:18:02]} {[%emt
00:02:41]} Qxb3 {[%clk 00:23:33]} {[%emt 00:03:52]} 25. Nd2 {[%clk 00:14:43]}
{[%emt 00:03:49]} Qxc3 {[%clk 00:22:39]} {[%emt 00:01:24]} 26. Qxc3 {[%clk
00:15:03]} {[%emt 00:00:10]} Rxc3 {[%clk 00:22:56]} {[%emt 00:00:12]} 27. Re1
{[%clk 00:15:04]} {[%emt 00:00:29]} Rxa3 {[%clk 00:23:10]} {[%emt 00:00:17]}
28. Nc4 {[%clk 00:15:13]} {[%emt 00:00:21]} Ra4 {[%clk 00:22:40]} {[%emt
00:01:01]} 29. Nd6 {[%clk 00:14:28]} {[%emt 00:01:14]} Rxd4 {[%clk 00:22:30]}
{[%emt 00:00:40]} 30. Nb5 {[%clk 00:14:40]} {[%emt 00:00:18]} Rd2 {[%clk
00:22:08]} {[%emt 00:00:51]} 31. Nxa7 {[%clk 00:14:33]} {[%emt 00:00:38]} Rfd8
{[%clk 00:22:15]} {[%emt 00:00:22]} 32. Nc6 {[%clk 00:14:13]} {[%emt 00:00:51]}
Rd1 {[%clk 00:20:36]} {[%emt 00:02:08]} 33. Rg1 {[%clk 00:14:16]} {[%emt
00:00:27]} R8d2 {[%clk 00:20:13]} {[%emt 00:00:53]} 34. Nb4 {[%clk 00:13:10]}
{[%emt 00:01:36]} Bg2# {[%clk 00:19:53]} {[%emt 00:00:49]} 0-1

[Event "DEM U12w 2023"]
[Site "Willingen GER"]
[Date "2023.05.30"]
[Round "4"]
[White "Ramakrishnan, Veda"]
[Black "Czäczine, Paula"]
[Result "1/2-1/2"]
[Termination "normal"]
[Board "2"]
[WhiteElo "1231"]
[BlackElo "1549"]
[WhiteClock "00:11:07"]
[BlackClock "00:06:49"]
[PlyCount "96"]
[WhiteFideId "16269519"]
[BlackFideId "16249305"]
[EventCountry "GER"]
[EventRounds "9"]
[EventType "swiss"]
[EventDate "2023.05.27"]

1. d4 {[%clk 01:30:58]} {[%emt 00:00:02]} d5 {[%clk 01:30:55]} {[%emt
00:00:05]} 2. c4 {[%clk 01:31:22]} {[%emt 00:00:06]} e6 {[%clk 01:31:20]}
{[%emt 00:00:05]} 3. Nc3 {[%clk 01:31:46]} {[%emt 00:00:06]} c5 {[%clk
01:31:42]} {[%emt 00:00:07]} 4. Nf3 {[%clk 01:31:40]} {[%emt 00:00:36]} Nc6
{[%clk 01:31:50]} {[%emt 00:00:23]} 5. Bf4 {[%clk 01:30:27]} {[%emt 00:01:44]}
a6 {[%clk 01:16:31]} {[%emt 00:15:48]} 6. dxc5 {[%clk 01:15:55]} {[%emt
00:15:02]} dxc4 {[%clk 01:09:19]} {[%emt 00:07:42]} 7. Qxd8+ {[%clk 01:13:28]}
{[%emt 00:02:56]} Nxd8 {[%clk 01:09:32]} {[%emt 00:00:17]} 8. e3 {[%clk
01:13:14]} {[%emt 00:00:44]} Bxc5 {[%clk 01:08:32]} {[%emt 00:01:31]} 9. Bxc4
{[%clk 01:13:12]} {[%emt 00:00:32]} b5 {[%clk 01:06:32]} {[%emt 00:02:30]} 10.
Bd3 {[%clk 01:07:29]} {[%emt 00:06:12]} Bb7 {[%clk 01:03:59]} {[%emt 00:03:04]}
11. Be4 {[%clk 01:06:02]} {[%emt 00:01:57]} Nf6 {[%clk 00:58:14]} {[%emt
00:06:15]} 12. Bxb7 {[%clk 01:02:30]} {[%emt 00:04:03]} Nxb7 {[%clk 00:58:33]}
{[%emt 00:00:10]} 13. O-O {[%clk 01:02:31]} {[%emt 00:00:28]} O-O {[%clk
00:56:30]} {[%emt 00:02:34]} 14. Rfd1 {[%clk 00:59:47]} {[%emt 00:03:12]} Rfd8
{[%clk 00:52:34]} {[%emt 00:04:27]} 15. Be5 {[%clk 00:53:33]} {[%emt 00:06:44]}
Rac8 {[%clk 00:45:54]} {[%emt 00:07:11]} 16. a3 {[%clk 00:48:45]} {[%emt
00:05:18]} Bb6 {[%clk 00:43:19]} {[%emt 00:03:04]} 17. Bd4 {[%clk 00:42:04]}
{[%emt 00:07:11]} Bxd4 {[%clk 00:40:46]} {[%emt 00:03:03]} 18. Rxd4 {[%clk
00:41:55]} {[%emt 00:00:39]} Rxd4 {[%clk 00:39:44]} {[%emt 00:01:33]} 19. Nxd4
{[%clk 00:42:10]} {[%emt 00:00:15]} Nc5 {[%clk 00:38:39]} {[%emt 00:01:35]} 20.
Rd1 {[%clk 00:40:01]} {[%emt 00:02:38]} Kf8 {[%clk 00:36:25]} {[%emt 00:02:45]}
21. Kf1 {[%clk 00:37:05]} {[%emt 00:03:25]} Nce4 {[%clk 00:35:46]} {[%emt
00:01:10]} 22. Nxe4 {[%clk 00:36:39]} {[%emt 00:00:55]} Nxe4 {[%clk 00:36:08]}
{[%emt 00:00:08]} 23. f3 {[%clk 00:36:05]} {[%emt 00:01:04]} Nf6 {[%clk
00:35:57]} {[%emt 00:00:41]} 24. Rd2 {[%clk 00:34:27]} {[%emt 00:02:09]} Nd5
{[%clk 00:33:56]} {[%emt 00:02:31]} 25. Ke2 {[%clk 00:30:57]} {[%emt 00:04:00]}
g6 {[%clk 00:33:06]} {[%emt 00:01:20]} 26. Rc2 {[%clk 00:29:21]} {[%emt
00:02:05]} Rxc2+ {[%clk 00:32:56]} {[%emt 00:00:40]} 27. Nxc2 {[%clk 00:29:45]}
{[%emt 00:00:06]} e5 {[%clk 00:32:09]} {[%emt 00:01:17]} 28. Nb4 {[%clk
00:29:03]} {[%emt 00:01:13]} Nxb4 {[%clk 00:31:28]} {[%emt 00:01:11]} 29. axb4
{[%clk 00:29:25]} {[%emt 00:00:07]} Ke7 {[%clk 00:31:30]} {[%emt 00:00:29]} 30.
Kd3 {[%clk 00:29:38]} {[%emt 00:00:17]} Ke6 {[%clk 00:29:53]} {[%emt 00:02:06]}
31. g3 {[%clk 00:25:29]} {[%emt 00:04:38]} h5 {[%clk 00:23:02]} {[%emt
00:07:22]} 32. g4 {[%clk 00:21:23]} {[%emt 00:04:36]} f6 {[%clk 00:17:49]}
{[%emt 00:05:43]} 33. gxh5 {[%clk 00:18:32]} {[%emt 00:03:21]} gxh5 {[%clk
00:18:10]} {[%emt 00:00:09]} 34. e4 {[%clk 00:14:19]} {[%emt 00:04:44]} Kf7
{[%clk 00:13:14]} {[%emt 00:05:25]} 35. Ke3 {[%clk 00:14:03]} {[%emt 00:00:46]}
Kg6 {[%clk 00:11:36]} {[%emt 00:02:08]} 36. f4 {[%clk 00:13:55]} {[%emt
00:00:38]} Kh6 {[%clk 00:10:57]} {[%emt 00:01:10]} 37. fxe5 {[%clk 00:11:33]}
{[%emt 00:02:52]} fxe5 {[%clk 00:11:19]} {[%emt 00:00:08]} 38. Kf3 {[%clk
00:11:57]} {[%emt 00:00:05]} Kg6 {[%clk 00:10:45]} {[%emt 00:01:04]} 39. h3
{[%clk 00:10:26]} {[%emt 00:02:02]} Kf6 {[%clk 00:10:24]} {[%emt 00:00:51]} 40.
Kg3 {[%clk 00:10:15]} {[%emt 00:00:41]} Kg5 {[%clk 00:10:40]} {[%emt 00:00:13]}
41. Kf3 {[%clk 00:10:18]} {[%emt 00:00:26]} Kg6 {[%clk 00:09:46]} {[%emt
00:01:26]} 42. Kg3 {[%clk 00:10:29]} {[%emt 00:00:18]} Kf6 {[%clk 00:08:57]}
{[%emt 00:01:20]} 43. Kf3 {[%clk 00:10:03]} {[%emt 00:00:56]} Kg5 {[%clk
00:07:13]} {[%emt 00:02:13]} 44. Kg3 {[%clk 00:10:24]} {[%emt 00:00:09]} h4+
{[%clk 00:06:24]} {[%emt 00:01:19]} 45. Kf3 {[%clk 00:10:34]} {[%emt 00:00:21]}
Kh5 {[%clk 00:06:47]} {[%emt 00:00:07]} 46. Kg2 {[%clk 00:10:29]} {[%emt
00:00:34]} Kg6 {[%clk 00:06:57]} {[%emt 00:00:20]} 47. Kf3 {[%clk 00:10:44]}
{[%emt 00:00:15]} Kg5 {[%clk 00:07:21]} {[%emt 00:00:07]} 48. Ke3 {[%clk
00:11:07]} {[%emt 00:00:06]} Kg6 {[%clk 00:06:49]} {[%emt 00:01:03]} 1/2-1/2

[Event "DEM U12w 2023"]
[Site "Willingen GER"]
[Date "2023.05.30"]
[Round "4"]
[White "Malagatte, Samiksha"]
[Black "Wang, Enya Marie"]
[Result "0-1"]
[Termination "normal"]
[Board "3"]
[WhiteElo "1214"]
[BlackElo "1156"]
[WhiteClock "01:03:05"]
[BlackClock "01:05:27"]
[PlyCount "45"]
[WhiteFideId "34633790"]
[BlackFideId "34660330"]
[EventCountry "GER"]
[EventRounds "9"]
[EventType "swiss"]
[EventDate "2023.05.27"]

1. e4 {[%clk 01:30:58]} {[%emt 00:00:01]} c5 {[%clk 01:30:55]} {[%emt
00:00:05]} 2. Nf3 {[%clk 01:31:21]} {[%emt 00:00:07]} Nc6 {[%clk 01:31:21]}
{[%emt 00:00:04]} 3. d4 {[%clk 01:31:45]} {[%emt 00:00:07]} cxd4 {[%clk
01:31:44]} {[%emt 00:00:06]} 4. Nxd4 {[%clk 01:32:04]} {[%emt 00:00:10]} g6
{[%clk 01:32:08]} {[%emt 00:00:07]} 5. Be3 {[%clk 01:32:27]} {[%emt 00:00:06]}
Bg7 {[%clk 01:31:49]} {[%emt 00:00:50]} 6. Nc3 {[%clk 01:32:25]} {[%emt
00:00:33]} Nf6 {[%clk 01:31:50]} {[%emt 00:00:29]} 7. Be2 {[%clk 01:32:40]}
{[%emt 00:00:13]} O-O {[%clk 01:31:42]} {[%emt 00:00:39]} 8. O-O {[%clk
01:31:49]} {[%emt 00:01:21]} d5 {[%clk 01:31:11]} {[%emt 00:01:01]} 9. exd5
{[%clk 01:28:41]} {[%emt 00:03:37]} Nxd5 {[%clk 01:31:07]} {[%emt 00:00:36]}
10. Nxc6 {[%clk 01:28:45]} {[%emt 00:00:25]} bxc6 {[%clk 01:30:39]} {[%emt
00:00:58]} 11. Nxd5 {[%clk 01:27:32]} {[%emt 00:01:43]} cxd5 {[%clk 01:30:49]}
{[%emt 00:00:21]} 12. Bf3 {[%clk 01:26:04]} {[%emt 00:01:57]} e6 {[%clk
01:28:46]} {[%emt 00:02:34]} 13. Rb1 {[%clk 01:25:11]} {[%emt 00:01:23]} Rb8
{[%clk 01:27:09]} {[%emt 00:02:07]} 14. c3 {[%clk 01:22:27]} {[%emt 00:03:12]}
Qe7 {[%clk 01:23:48]} {[%emt 00:03:52]} 15. Qd2 {[%clk 01:20:53]} {[%emt
00:02:04]} Ba6 {[%clk 01:20:32]} {[%emt 00:03:46]} 16. Rfe1 {[%clk 01:20:29]}
{[%emt 00:00:54]} Rfc8 {[%clk 01:18:12]} {[%emt 00:02:49]} 17. Bf4 {[%clk
01:18:48]} {[%emt 00:02:12]} Rb5 {[%clk 01:14:34]} {[%emt 00:04:07]} 18. Bxd5
{[%clk 01:13:45]} {[%emt 00:05:34]} Rd8 {[%clk 01:12:17]} {[%emt 00:02:46]} 19.
Bg5 {[%clk 01:12:35]} {[%emt 00:01:42]} Bf6 {[%clk 01:08:30]} {[%emt 00:04:17]}
20. Qc2 {[%clk 01:04:33]} {[%emt 00:08:31]} Rbxd5 {[%clk 01:06:12]} {[%emt
00:02:48]} 21. Bxf6 {[%clk 01:04:16]} {[%emt 00:00:49]} Qxf6 {[%clk 01:05:35]}
{[%emt 00:01:06]} 22. Red1 {[%clk 01:03:05]} {[%emt 00:01:40]} Bd3 {[%clk
01:05:27]} {[%emt 00:00:38]} 23. Rxd3 {[%emt 00:02:31]} 0-1